Advances in solar energy : (Record no. 5998)

MARC details
000 -LEADER
fixed length control field 00733pam a2200241 a 4500
001 - CONTROL NUMBER
control field 2407033
003 - CONTROL NUMBER IDENTIFIER
control field OSt
005 - DATE AND TIME OF LATEST TRANSACTION
control field 20180212175123.0
008 - FIXED-LENGTH DATA ELEMENTS--GENERAL INFORMATION
fixed length control field 861202s1987 ne a b 001 0 eng
010 ## - LIBRARY OF CONGRESS CONTROL NUMBER
LC control number 86031441
020 ## - INTERNATIONAL STANDARD BOOK NUMBER
International Standard Book Number 9781844073146
040 ## - CATALOGING SOURCE
Original cataloging agency DLC
Transcribing agency DLC
Modifying agency DLC
082 00 - DEWEY DECIMAL CLASSIFICATION NUMBER
Classification number 333.7923
Edition number 19
Item number ADV 2007
245 10 - TITLE STATEMENT
Title Advances in solar energy :
Statement of responsibility, etc. D. Yogi Goswami.
Remainder of title an annual review of research and development /
250 ## - EDITION STATEMENT
Edition statement vol.17
260 ## - PUBLICATION, DISTRIBUTION, ETC. (IMPRINT)
Place of publication, distribution, etc. London
Name of publisher, distributor, etc. Earthscan
Date of publication, distribution, etc. 2007
300 ## - PHYSICAL DESCRIPTION
Extent xxvii, 308p :
Other physical details ill. ;
Dimensions 20 cm.
504 ## - BIBLIOGRAPHY, ETC. NOTE
Bibliography, etc Includes bibliographies and indexes.
650 #0 - SUBJECT ADDED ENTRY--TOPICAL TERM
Topical term or geographic name as entry element Solar energy.
9 (RLIN) 4599
700 ## - ADDED ENTRY--PERSONAL NAME
Personal name Goswami, D. Yogi
9 (RLIN) 12449
906 ## - LOCAL DATA ELEMENT F, LDF (RLIN)
a 7
b cbc
c orignew
d 1
e ocip
f 19
g y-gencatlg
942 ## - ADDED ENTRY ELEMENTS (KOHA)
Source of classification or shelving scheme Dewey Decimal Classification
Koha item type Open Shelf
Holdings
Withdrawn status Lost status Source of classification or shelving scheme Damaged status Not for loan Home library Current library Date acquired Source of acquisition Inventory number Total Checkouts Full call number Barcode Date last seen Price effective from Koha item type
    Dewey Decimal Classification     MUST Main Library MUST Main Library 12/02/2018   2008/31065   333.7923 ADV 2007 2018-0092 12/02/2018 12/02/2018 Open Shelf
    Dewey Decimal Classification     MUST Main Library MUST Main Library 16/02/2021 Purchase 2011/34003   333.7923 ADV 2007 2021-0170 16/02/2021 16/02/2021 Open Shelf